Score 0/16 Timer 05:00
0 Plays Today
% Correct
The city of Belfast is located in which of the four constituent countries of the United Kingdom????
80.9%
During what decade of the 20th century did the Bay of Pigs Invasion take place????
72%
What two-letter sequence is the internet top-level domain name for Russia????
60.1%
Holstein-Friesian, Danish Red and Charolais are all breeds of what common farmyard animal????
58.8%
What Winter Olympic sport includes the parallel giant slalom, slopestyle and halfpipe events????
53.7%
Which Teenage Mutant Ninja Turtle wears an orange mask and has the catchphrase 'Cowabunga'????
49.7%
Which Michael Jackson studio album features the songs 'Man in the Mirror' and 'Smooth Criminal'????
47.3%
Which of the five Marx Brothers was born Julius Henry Marx????
46.7%
% Correct
The Xhosa, Mandinka and Khoisan peoples are native to which continent????
45.1%
Which of Roald Dahl's children's books was staged as a Broadway musical in 2013????
44.1%
What Quentin Tarantino directed film stars Pam Grier and Michael Keaton????
39.4%
Which English Premier League soccer team plays their home games at Anfield????
32.6%
The Christian holy day honoring Jesus's last supper with the apostles falls on what weekday????
30.4%
The NATO phonetic alphabet code word for which letter is an item one would find in 'Monopoly'????
28.7%
Which of King Henry VIII's wives was born in Düsseldorf, Germany????
22.2%
Speakers of which official language of the European Union are known as Lusophones????
11.4%
Remove Ads.
Support Sporcle.
Get the best of Sporcle when you Go Orange. This ad-free experience offers more features, more stats, and more fun while also helping to support Sporcle. Thank you for becoming a member.

You're not logged in!

Compare scores with friends on all Sporcle quizzes.
OR
Log In

Show Comments

Extras

Top Quizzes Today


Score Distribution

Your Account Isn't Verified!

In order to create a playlist on Sporcle, you need to verify the email address you used during registration. Go to your Sporcle Settings to finish the process.

Report this User

Report this user for behavior that violates our Community Guidelines.

Details: